| 000 | 00484nam a22001697a 4500 | ||
|---|---|---|---|
| 005 | 20251108170038.0 | ||
| 008 | 250721s9999 xx 000 0 ara d | ||
| 082 | 1 | 4 | _aط/ق/مرا |
| 245 | 1 | 0 | _aالمرآة السحرية / |
| 264 | 1 |
_aبيروت : _bدار شهرزاد، _c[19-]. |
|
| 300 | _a24ص : مص بالألوان | ||
| 490 | 0 | _aحكايات جدتي | |
| 650 | 1 | 7 | _aالقصص العربية |
| 650 | 1 | 7 | _aالأدب العربي |
| 942 |
_2ddc _cBK |
||
| 999 |
_c38305 _d38305 |
||